000 00240 a2200097 4500
001 22745
100 _aHoughton, E L
245 _aAerodynamics for Engineeing students
260 _aLondon
_bEdward Arnold & Co.
_c1972
090 _c15379
_d15379
942 _aNUST-CAE
_cM
_c5979
999 _c257818
_d257818